000 00738nam a2200205 i 4500
001 50214
003 ES-MaACL
005 20230906162137.0
007 t|
008 030801s1967 sp |||| | spa d
100 1 _aCruz y Aguilar, Emilio de la.
_941855
245 1 0 _aLibro del buen tunar o Cancamusa prolixa de las glorias y andaduras de una tuna complutense /
_ccompuesto de Emilio de la Cruz y Aguilar ; lo ilumina Celedonio Perellón.
246 3 0 _aCancamusa prolixa de las glorias y andaduras de una tuna complutense
250 _a1ª ed.
260 _a[Madrid :
_bs.n.],
_c1967.
300 _a372 p. :
_bil. ;
_c20 cm.
700 1 _aPerellón, Celedonio.
_990507
852 _aES-MaACL
_jC-39929
852 _aES-MaACL
_jC-34225
999 _c50214
_d50214